Statistics for Simple As This - Jake Bugg

Click here to take the quiz!

General Stats

  • This quiz has been taken 15 times
  • The average score is 175 of 211

Answer Stats

Answer% Correct
be
100%
been
100%
bones
100%
I
100%
in
100%
I've
100%
me
100%
of
100%
the
100%
up
100%
a
90%
and
90%
answer
90%
as
90%
but
90%
deep
90%
down
90%
for
90%
go
90%
guessed
90%
have
90%
high
90%
it
90%
know
90%
less
90%
looking
90%
making
90%
mind
90%
my
90%
Oh
90%
on
90%
pavement
90%
roads
90%
search
90%
simple
90%
some
90%
something
90%
soul
90%
this
90%
to
90%
travelled
90%
tried
90%
you
90%
bottle
80%
Could
80%
could
80%
end
80%
find
80%
make
80%
mantra
80%
mining
80%
not
80%
ocean's
80%
only
80%
sense
80%
should
80%
stones
80%
treasure
80%
waiting
80%
well
80%
who
80%
again
70%
all
70%
back
70%
crashing
70%
falling
70%
good
70%
hash
70%
higher
70%
how
70%
institutions
70%
intent
70%
miss
70%
pipe
70%
still
70%
trying
70%
what
70%
while
70%
breaking
60%
brought
60%
came
60%
each
60%
free
60%
girl
60%
here
60%
led
60%
liberation
60%
saw
60%
seven
60%
stood
60%
taught
60%
were
60%
where
60%
will
60%
wonders
60%
would
60%
Confucius
50%
get
50%
God
50%
left
50%
missed
50%
never
50%
own
50%
reverence
50%
said
50%
went
50%
absolution
40%
let
40%
memorised
40%
that
40%

Score Distribution

Percentile by Number Answered

Percent of People with Each Score

Your Score History

You have not taken this quiz